| 000 | 01708cam a2200469Ii 4500 | ||
|---|---|---|---|
| 001 | 904717671 | ||
| 003 | OSt | ||
| 005 | 20250310084920.0 | ||
| 008 | 150311s2014 nyua j 000 1 spa d | ||
| 020 | _a9781472354846 | ||
| 020 | _a1472354842 | ||
| 035 | _a(OCoLC)904717671 | ||
| 035 | _a1344426 | ||
| 035 | _a(OCoLC)ocn904717671 | ||
| 035 | _a(Pol)1344426 | ||
| 035 | _a1374257 | ||
| 035 | _a1374257 | ||
| 040 |
_aSO$ _beng _erda _cSO$ _dSAP _dDPL |
||
| 041 | 1 |
_aspa _heng |
|
| 099 |
_ajE _aBROWN _aSPANISH |
||
| 100 | 1 |
_aBrown, Margaret Wise, _d1910-1952, _eauthor. |
|
| 240 | 1 | 0 |
_aWish upon a dream. _lSpanish. |
| 245 | 1 | 0 |
_aPide un deseo / _cMargaret Wise Brown ; ilustraciones de Charlotte Cooke. |
| 264 | 1 |
_aNew York : _bParragon, _c2014. |
|
| 300 |
_a1 volume (unpaged) : _bcolor illustrations ; _c30 cm. |
||
| 336 |
_atext _btxt _2rdacontent. |
||
| 336 |
_astill image _bsti _2rdacontent. |
||
| 337 |
_aunmediated _bn _2rdamedia. |
||
| 338 |
_avolume _bnc _2rdacarrier. |
||
| 520 | _a"Ya es de noche, duerme peque©ło, y viaja tranquilo al reino de los sue©łos. Explora el m©Łgico mundo de tus sue©łos preferidos. Qu©♭ quieres so©łar hoy? Un tesoro oculto de Margaret Wise Brown, autora de los clasicos infantiles Buenas noches, luna y El conejito andarin."--Amazon. | ||
| 546 | _aText in Spanish. | ||
| 650 | 0 |
_aBedtime _vJuvenile fiction. |
|
| 650 | 0 |
_aChildren's dreams _vJuvenile fiction. |
|
| 650 | 1 | _aSpanish language materials. | |
| 655 | 0 | _aStories in rhyme. | |
| 655 | 7 | _aCuentos en rima. | |
| 655 | 7 |
_aPicture books. _2lcgft. |
|
| 655 | 7 |
_aLibros ilustrados. _2tgfbne. |
|
| 700 | 1 |
_aCooke, Charlotte, _eillustrator. |
|
| 907 | _a.b35578466x | ||
| 942 | _cBK | ||
| 999 |
_c30872 _d30870 |
||